10 barris de Barcelona més poblats - Estadísticas

Estadísticas generales
  • Esta prueba ha sido intentada 60 veces
  • La puntuación promedio es 6 de 10
Estadísticas de respuestas
Població Barri % Correcto
49.852 Vila de Gràcia
87%
43.029 Sants
76%
44.156 la Dreta de l'Eixample
69%
57.605 Sant Andreu
69%
46.520 Raval
65%
45.660 les Corts
61%
51.402 Sagrada Família
61%
57.314 la Nova Esquerra de l'Eixample
54%
42.365 l'Antiga Esquerra de l'Eixample
50%
47.181 Sant Gervasi - Galvany
48%
No se encontraron pruebas coincidentes
Distribución de puntuación
Porcentaje de gente con cada puntuación
Porcentaje por número respondido
Historial de tus puntuaciones
No has intentado esta prueba.